000 01173nam a22002057a 4500
005 20260616115055.0
020 _a9781400336203
041 _aENG
082 _a658.4092
_bMAX
100 _aMaxwell, John C.
245 1 4 _a The 21 irrefutable laws of leadership :
_bfollow them and people will follow you /
_cJohn C. Maxwell.
260 _aNashville :
_bHarper Collins ,
_c2012.
300 _axx, 313 pages ;
_c24 cm.
504 _aIncludes bibliographical reference.
505 _aContents -- 1.The law of the lid -- 2.The law of influence -- 3.The law of process -- 4.The law of navigation -- 5.The law of addition -- 6.The law of solid ground -- 7.The law of respect -- 8.The law of intuition -- 9.The law of magnetism -- 10.The law of connection -- 11.The law of inner circle -- 12.The law of empowerment -- 13.The law of the picture -- 14.The law of buy-in -- 15.The law of victory -- 16.The law of the big mo -- 17.The law of priorities -- 18.The law of scrifice -- 19.The law of timing -- 20.The law of explosive growth -- 21.The law of legacy
650 _aLeadership.
650 _aSuccess in business.
650 _aIndustrial management.
942 _2ddc
_cBK
999 _c24352
_d24352